i Queremos la paz! Documentos de organizaciones y grupos cristianos sobre la paz en Centroamérica
Guardat en:
| Autor principal: | |
|---|---|
| Format: | Desconegut |
| Publicat: |
San José:
DEI
|
| Matèries: | |
| Etiquetes: |
Afegir etiqueta
Sense etiquetes, Sigues el primer a etiquetar aquest registre!
|
MARC
| LEADER | 00000 a2200000 04500 | ||
|---|---|---|---|
| 001 | 14684 | ||
| 003 | |||
| 008 | 991231s d | ||
| 040 | |||
| 020 | |a 9977-904-04-9 | ||
| 022 | |a 9977-904-04-9 | ||
| 090 | |a 017608 | ||
| 100 | |a Meléndez, Guillermo | ||
| 245 | |a i Queremos la paz! Documentos de organizaciones y grupos cristianos sobre la paz en Centroamérica | ||
| 260 | |a San José: |b DEI | ||
| 300 | |a 150 p. | ||
| 650 | |a PAZ | ||
| 999 | |c 2512 |d 2512 | ||



